000 00356nam a2200157Ia 4500
003 Ost
005 20260225132541.0
008 260225s9999||||xx |||||||||||||| ||und||
040 _cfsic
041 _afre
082 _a320
100 _aMichel gallout
_eAuteur
245 0 _aPensée politique de l'islam /
245 0 _cMichel gallout
942 _cكتاب
999 _c33496
_d33496